000
00252nam a22000857a 4500
008
160701b xxu||||| |||| 00| 0 eng d
100
_9
1742
_a
Aggarwal, M.L
245
_a
Hints & Solutions to Mathematics - XII
260
_a
New Delhi
_b
Avichal Publication
_c
2001
999
_c
1448
_d
1448